Amor, ira e vingança em ficções em prosa ibéricas do século XVII (notice n° 1605738)

détails MARC
000 -LEADER
fixed length control field 01958cam a2200181 4500500
005 - DATE AND TIME OF LATEST TRANSACTION
control field 20251228095145.0
041 ## - LANGUAGE CODE
Language code of text/sound track or separate title fre
042 ## - AUTHENTICATION CODE
Authentication code dc
100 10 - MAIN ENTRY--PERSONAL NAME
Personal name Muhana, Adma
Relator term author
245 00 - TITLE STATEMENT
Title Amor, ira e vingança em ficções em prosa ibéricas do século XVII
260 ## - PUBLICATION, DISTRIBUTION, ETC.
Date of publication, distribution, etc. 2021.<br/>
500 ## - GENERAL NOTE
General note 3
520 ## - SUMMARY, ETC.
Summary, etc. Il s’agit de voir comment la vengeance se manifeste dans la littérature ibérique du xviie siècle, en relation avec les passions de l’amour et de son contraire, la colère. L’analyse est fondée sur un corpus composé des fictions en prose Os infortúnios trágicos da Constante Florinda (1625), de Gaspar Pires de Rebelo, et Los trabajos de Persiles y Sigismunda (1617), de Miguel de Cervantes, corpus dans lequel la dimension descriptive des passions l’emporte sur la dimension narrative des actions.
520 ## - SUMMARY, ETC.
Summary, etc. This article seeks to identify how revenge is portrayed in 17th-century Iberian literature and how it relates to passions such as love and its opposite, wrath. The corpus chosen consists in the prose fictions Os infortúnios trágicos da Constante Florinda (1625) by Gaspar Pires de Rebelo and Los trabajos de Persiles y Sigismunda (1617) by Miguel de Cervantes – in these works, the description of those passions outdoes the narrative dimension of actions.
520 ## - SUMMARY, ETC.
Summary, etc. Trata-se de identificar como a “vingança” comparece nas letras ibéricas do século xvii, em sua relação com as paixões do amor e, o seu contrário, a ira. Escolhemos como corpus para a análise as ficções em prosa Os infortúnios trágicos da Constante Florinda (1625), de Gaspar Pires de Rebelo, e Los trabajos de Persiles y Sigismunda (1617), de Miguel de Cervantes, porque nelas a dimensão descritiva das paixões supera a dimensão narrativa das ações.
786 0# - DATA SOURCE ENTRY
Note Sigila | 48 | 2 | 2021-12-06 | p. 105-117 | 1286-1715
856 41 - ELECTRONIC LOCATION AND ACCESS
Uniform Resource Identifier <a href="https://shs.cairn.info/revue-sigila-2021-2-page-105?lang=fr&redirect-ssocas=7080">https://shs.cairn.info/revue-sigila-2021-2-page-105?lang=fr&redirect-ssocas=7080</a>

Pas d'exemplaire disponible.

PLUDOC

PLUDOC est la plateforme unique et centralisée de gestion des bibliothèques physiques et numériques de Guinée administré par le CEDUST. Elle est la plus grande base de données de ressources documentaires pour les Étudiants, Enseignants chercheurs et Chercheurs de Guinée.

Adresse

627 919 101/664 919 101

25 boulevard du commerce
Kaloum, Conakry, Guinée

Réseaux sociaux

Powered by Netsen Group @ 2025